War of the Ring - Statistics

General Stats
  • This quiz has been taken 17 times
  • The average score is 14 of 33
Answer Stats
Answer % Correct
Battle of the Hornburg
100%
Gondor
100%
Rohan
100%
Battle of the Pelennor Fields
79%
Battle of Lorien
71%
Lothlorien
71%
Mordor
71%
Battle of the Morannon
64%
Erebor
57%
Harad
57%
Isengard
57%
Moria
50%
Rhun
50%
Battle of Dale
43%
Dale
43%
Battle of Bywater
36%
Dunland
36%
Dunland
36%
Ents of Fangorn Forest
36%
Umbar
36%
Woodland Realm
36%
Khand
29%
Battle of Dol Guldur
21%
Battle of Osgiliath
21%
Dol Guldur
21%
First Battle of the Fords of Isen
21%
Second Battle of the Fords of Isen
21%
Battle under the Trees
14%
Battle of Pelargir
7%
Dead Men of Dunharrow
7%
Last March of the Ents
7%
Grey Company
0%
Mount Gundabad
0%
No matching quizzes found
Score Distribution
Percent of People with Each Score
Percentile by Number Answered
Your Score History
You have not taken this quiz